00577nam a22001937a 450000500170000001000150001702000270003203500140005903700130007308200140008610000180010024500540011825000100017226000520018227000570023430000210029150000230031250500480033520170320144051.0 aENG-117525 a9788171773145c1450.00 aEN-101057 bDBAD/PUB a343.54095 aSaharay, H.K. aBhaumik the Railways Act 1989 /cby H.K. Saharay a10th  aNew DelhibEastern Law House Private Ltd.c2017 a36, Netaji Subhash Marg DaryaganjbNew Delhie110002 a759p.:b24cm(hb) a Includes Index  aAllied Statutes Rules, Regulations, Schemes